Statistics for Can You Name The Countries That Apart From Vatican City That ...........

Click here to take the quiz!

General Stats

  • This quiz has been taken 109 times
  • The average score is 13 of 17

Answer Stats

HintAnswer% Correct
Begin With VVenezuela
92%
Are SmallerThan 50sqkmMonaco
90%
Begin With VVietnam
88%
Begin With VVanuatu
85%
End In YParaguay
85%
End In YUruguay
82%
Have Capital Ending In CityMexico
77%
Have Capital Ending In CityGuatemala
74%
Are Smaller Than 50swkmNauru
73%
Have Capital Ending In CityPanama
72%
End In YGermany
68%
Have Capital Ending In CityKuwait
67%
Are Smaller Than 50sqkmTuvalu
64%
End In YItaly
63%
End In YNorway
59%
End In YHungary
59%
End In YTurkey
52%

Score Distribution

Percentile by Number Answered

Percent of People with Each Score

Your Score History

You have not taken this quiz